Probability, random variables and stochastic processes / (Record no. 30191)
[ view plain ]
| 000 -LEADER | |
|---|---|
| fixed length control field | 00600 a2200193 4500 |
| 003 - CONTROL NUMBER IDENTIFIER | |
| control field | NUST |
| 005 - DATE AND TIME OF LATEST TRANSACTION | |
| control field | 20180118120035.0 |
| 008 - FIXED-LENGTH DATA ELEMENTS--GENERAL INFORMATION | |
| fixed length control field | 180118b xxu||||| |||| 00| 0 eng d |
| 020 ## - INTERNATIONAL STANDARD BOOK NUMBER | |
| International Standard Book Number | 0070486581 |
| 020 ## - INTERNATIONAL STANDARD BOOK NUMBER | |
| International Standard Book Number | 9780070486584 |
| 082 ## - DEWEY DECIMAL CLASSIFICATION NUMBER | |
| Classification number | 519.2 |
| 100 1# - MAIN ENTRY--PERSONAL NAME | |
| Personal name | Papoulis, S Pillai Athanasios. |
| 9 (RLIN) | 8665 |
| 245 10 - TITLE STATEMENT | |
| Title | Probability, random variables and stochastic processes / |
| Statement of responsibility, etc. | S Pillai Athanasios Papoulis. |
| 250 ## - EDITION STATEMENT | |
| Edition statement | 4th ed. |
| 260 ## - PUBLICATION, DISTRIBUTION, ETC. | |
| Place of publication, distribution, etc. | New Delhi |
| Name of publisher, distributor, etc. | Tata Mcgraw Hill, |
| Date of publication, distribution, etc. | 2002. |
| 300 ## - PHYSICAL DESCRIPTION | |
| Extent | 852 p. ; |
| Dimensions | 24 cm. |
| 490 1# - SERIES STATEMENT | |
| Series statement | Tata McGraw-Hill Edition |
| 520 ## - SUMMARY, ETC. | |
| Summary, etc. | Probability, Random Variables and Stochastic. |
| 830 #0 - SERIES ADDED ENTRY--UNIFORM TITLE | |
| Uniform title | Tata McGraw-Hill Edition |
| 9 (RLIN) | 8666 |
| 942 ## - ADDED ENTRY ELEMENTS (KOHA) | |
| Institution code [OBSOLETE] | SNS |
| Koha item type | Book |
| Call number prefix | 519.2 PAP |
| Source of classification or shelving scheme | |
| Withdrawn status | Lost status | Damaged status | Not for loan | Permanent Location | Current Location | Date acquired | Total Checkouts | Full call number | Barcode | Date last seen | Price effective from | Koha item type |
|---|---|---|---|---|---|---|---|---|---|---|---|---|
| School of Natural Sciences (SNS) | School of Natural Sciences (SNS) | 05/26/2016 | 519.2 PAP | SNS0001805 | 05/26/2016 | 05/26/2016 | Book |
